00338nam a2200133Ia 4500003000400000008004100004020002600045040000800071100001900079245004800098260003400146300001300180365001100193LDD181029s9999 xx 000 0 und d a9788180302640c790.00 cLDD aAcharya, R. K. 0aAdvanced inorganic chemistrycR. K. Acharya aNew DelhibCampus Booksc2010 av, 271p. b790.00